| 000 -LEADER |
| fixed length control field |
00544nam a22002057a 4500 |
| 005 - DATE AND TIME OF LATEST TRANSACTION |
| control field |
20150330083259.0 |
| 008 - FIXED-LENGTH DATA ELEMENTS--GENERAL INFORMATION |
| fixed length control field |
000919s2001 nyu 000 0 eng |
| 020 ## - INTERNATIONAL STANDARD BOOK NUMBER |
| International Standard Book Number |
0071363882 |
| 041 0# - LANGUAGE CODE |
| Language code of text/sound track or separate title |
eng |
| 080 ## - UNIVERSAL DECIMAL CLASSIFICATION NUMBER |
| Universal Decimal Classification number |
070.48 |
| 100 1# - Rafti |
| Rafti |
Kalbfeld, Brad, |
| 245 10 - TITLE STATEMENT |
| Title |
Associated Press broadcast news handbook / |
| Statement of responsibility, etc |
Brad Kalbfeld. |
| 246 30 - VARYING FORM OF TITLE |
| Title proper/short title |
Broadcast news handbook |
| 260 ## - |
| -- |
New York : |
| -- |
McGraw-Hill, |
| -- |
2001. |
| 300 ## - |
| -- |
476 f. ; |
| -- |
24 cm. |
| 650 #0 - |
| -- |
Gazetaria |
| 650 #0 - |
| -- |
Media |
| 830 #0 - |
| -- |
Associated Press series. |
| 942 ## - ADDED ENTRY ELEMENTS (KOHA) |
| Source of classification or shelving scheme |
|
| Item type |
Books |